000 01168naa a22003257a 4500
001 BR7704819
003 BR-BrBNA
005 20240918174032.0
007 ta
008 230509b bl.||||| |||| 00| 0 por d
040 _aBR-BrBNA
_bpor
_cBiblioteca Nacional de Agricultura
041 _a(Pt)
072 _aH20
_b2120
_b4050
_b3879
090 _aH20 BR7704819
100 1 _aJaehn, A.
100 1 _aRebel, E.K.
100 1 _aMatiello, J.B.
111 1 _a5. Congresso Brasileiro de Pesquisas Cafeeiras
_cGuarapari, ES (Brazil)
_d18 Oct 1977
245 1 _aEstudo do efeito curativo de nematicidas em mudas de cafe infestadas com Meloidogyne incognita
260 3 _aRio de Janeiro, RJ (Brasil):
_c1977.
500 _aResumos do 5. Congresso Brasileiro de Pesquisas Cafeeiras Rio de Janeiro, RJ (Brasil): 1977. p. 32-33 (BR7704819-AM)H20
650 _aCAFE
650 _aNEMATOIDE
650 _aNEMATICIDA
650 _aMUDA
650 _aCONTROLE QUIMICO
773 0 _tResumos do 5. Congresso Brasileiro de Pesquisas Cafeeiras
_wH20 BR7704819
_gRio de Janeiro, RJ (Brasil), 1977. p. 32-33
909 _a202404
_bLucia
_c55
_dLucia Elande
942 _cAM
_2AGRIS
999 _c308493
_d308493